000 01719cam a22004694i 4500
003 PE-LiUPU
005 20250731173443.0
008 150616s r 000 0 d
035 _a(Sirsi) a580
040 _aPE-LiUPU
_bspa
_cPE-LiUPU
_erda
049 _aPRUA
082 0 4 _a294.363
_bP45
_221
100 1 _aPercheron, Maurice,
_eautor.
245 1 0 _aBuda y el budismo /
_cMaurice Percheron ; traducción del francés por Jesús López Pacheco.
264 1 _aMadrid :
_bAguilar,
_c1959.
300 _a223 páginas :
_bilustraciones ;
_c18 cm
336 _atext
_2rdacontent
337 _aunmediated
_2rdamedia
338 _avolume
_2rdacarrier
504 _aIncluye bibliografía.
505 0 _aLa India prebúdica -- La vida legendaria de buda -- La antigua escuela de sabiduría -- La nueva escuela de sabiduría -- Los budismos no - indios -- La extensión del budismo -- Las artes búdicas.
526 _aSEG42
526 _aSEG41
526 _aSEG40
526 _aSEG39
526 _aP94
526 _aP87
526 _aP86
526 _aP85
526 _aP77
526 _aP76
526 _aP35
650 0 4 _aBudismo.
700 1 _aLópez Pacheco, Jesús,
_d1930-,
_etraductor.
910 _ajck
_bjvq
_cjck
942 _2ddc
_cBOOK
949 _a294.363 P45
_wDEWEY
_c1
_i04589
_lCCODEBUL1
_mBUL
_p00.00
_r0
_sY
_tBOOK
_u19920924
_xTEOLOGIA
_zUNKNOWN
_0COMPRA
_o.STAFF. Colección General
994 _aC0
_bPEPRU
596 _a1
999 _a294.363 P45
_wDEWEY
_c56866
_i04589
_d56866
_e2016-5-16
_f2021-11-12
_g5
_lCCODEBUL1
_mBUL
_n1
_r0
_sY
_tBOOK
_u2015-6-16
_xTEOLOGIA
_zUNKNOWN
_0COMPRA
_o.STAFF. Colección General
980 _81
_gALBERTO SANCHEZ Responsable de Automatización